| 000 | 00349nam a2200121 4500 | ||
|---|---|---|---|
| 999 |
_c9913 _d9913 |
||
| 008 | 180723b ||||| |||| 00| 0 eng d | ||
| 100 |
_929285 _aPadin, Mary Grace |
||
| 245 |
_aTourism masterplan underway/ _cMary Grace Padin |
||
| 260 |
_aPhilippines _bThe Philippine Star _cc2016 |
||
| 300 | _apage B-6. | ||
| 650 | 0 |
_929286 _aTourism. |
|
| 942 |
_2ddc _cPER |
||